000 00504nam a2200193 4500
001 124018
003 ES-MaACL
005 20230906192310.0
007 t|
008 070214s1976 sp r ||||1| spa d
100 1 _aRamón, Fernando.
_995203
245 1 0 _aAlojamiento /
_cFernando Ramón.
260 _aMadrid :
_bCambio 16,
_c1976.
300 _a121 p. ;
_c21 cm.
490 1 _aMundo actual
830 0 _aMundo actual
_9186407
852 _aES-MaACL
_jA-6102
_bR.94683
999 _c124018
_d124018